Manual of Pakistan Military Law (Record no. 616249)

000 -LEADER
fixed length control field 00303nam a22001097a 4500
082 ## - DEWEY DECIMAL CLASSIFICATION NUMBER
Classification number 343.549101
Author Mark MAN
245 ## - TITLE STATEMENT
Title Manual of Pakistan Military Law
Statement of responsibility, etc. Edited by Ministry of Defence
260 ## - PUBLICATION, DISTRIBUTION, ETC.
Place of publication, distribution, etc. Pakistan :
Name of publisher, distributor, etc. Ministry of Defence,
Date of publication, distribution, etc. 1958.
300 ## - PHYSICAL DESCRIPTION
Extent 904 p. ;
Dimensions 25 cm.
563 ## - BINDING INFORMATION
Binding note HB.
942 ## - ADDED ENTRY ELEMENTS (KOHA)
Source of classification or shelving scheme
Koha item type Book
Holdings
Withdrawn status Lost status Source of classification or shelving scheme Damaged status Not for loan Permanent Location Current Location Date acquired Source of acquisition Total Checkouts Full call number Barcode Date last seen Price effective from Koha item type
          NUST Law School (NLS) NUST Law School (NLS) 02/17/2026 Donated by Mr. Salahuddin Khan Advocate Supreme Court of Pakistan   343.549101 MAN NLSD-558 02/17/2026 02/17/2026 Book
© 2023 Central Library, National University of Sciences and Technology. All Rights Reserved.